000 01107nas a2200385 4500
001 BR2012007704
003 BR-BrBNA
005 20231205121311.0
007 ta
008 230509b bl.|||p| |||| 00| 00por d
040 _aBR-BrBNA
_bpor
_cBiblioteca Nacional de Agricultura
041 _a(Pt)
072 _aF62; F60
100 1 _aGurjão, K.C. de O.
100 1 _aBruno, R. de L.A.
100 1 _aAlmeida, F. de A.C.
100 1 _aPereira, W.E.
100 1 _aBruno, G.B.
245 1 _aDesenvolvimento de frutos e sementes de tamarindo
246 1 _aDevelopment of tamarind fruits and seeds
650 _aTAMARINDO
650 _aTAMARINDUS INDICA
650 _aFRUTO
650 _aSEMENTE
650 _aMATURAÇÃO
650 _aFISIOLOGIA VEGETAL
650 _aTAMARINDUS INDICA
650 _aFRUTO
650 _aSEMENTE
650 _aMATURAÇÃO
650 _aFISIOLOGIA VEGETAL
773 0 _tRevista Brasileira de Fruticultura (Brazil)
_xISSN 0100-2945
_g(Dec 2006), v. 28(3) p. 351-354
_wBR2012007704
909 _a202311
_bLúcia
_c55
_dLúcia Elande
942 _2AGRIS
_n0
_cANA
999 _c222831
_d222831